Statistics for F1 Teams (2019)

Click here to take the quiz!

General Stats

  • This quiz has been taken 403 times
  • The average score is 9 of 10

Answer Stats

Answer% Correct
Mercedes
99%
Red Bull
98%
Ferrari
97%
McLaren
94%
Haas
93%
Williams
91%
Renault
89%
Alfa Romeo
85%
Racing point
82%
Toro Rosso
76%

Score Distribution

Percentile by Number Answered

Percent of People with Each Score

Your Score History

You have not taken this quiz